Europa und die Dritte Welt: die Geschichte ihrer Beziehungen vom Beginn der Kolonialzeit bis zur Gegenwart
Enregistré dans:
| Auteur principal: | |
|---|---|
| Format: | Livre |
| Langue: | allemand |
| Publié: |
Múnich
C. H. Beck
1978
|
| Collection: | Beck'sche Schwarze Reihe, 171
|
| Sujets: | |
| Tags: |
Ajouter un tag
Pas de tags, Soyez le premier à ajouter un tag!
|
MARC
| LEADER | 00000nam a2200000 a 4500 | ||
|---|---|---|---|
| 001 | UCN9930 | ||
| 003 | CL-VaPUC | ||
| 008 | 011221e19780000GW |||||||||||||||||ger|d | ||
| 082 | 0 | 4 | |a 327.4 |b ROO |2 21 |
| 100 | 0 | |a Roon, Ger van |e author |9 466433 | |
| 245 | 1 | 0 | |a Europa und die Dritte Welt: die Geschichte ihrer Beziehungen vom Beginn der Kolonialzeit bis zur Gegenwart |
| 300 | |a 216 p | ||
| 942 | |c BK | ||
| 945 | |d 20011221 00:00:00 |a crobeson | ||
| 260 | |a Múnich |b C. H. Beck |c 1978 | ||
| 650 | 0 | |a Relaciones Internacionales |9 255740 | |
| 650 | 0 | |a Colonización |9 265172 | |
| 650 | 7 | |a TERCER MUNDO |2 CL-VaPUC |9 343226 | |
| 651 | 0 | |a Europa |9 255156 | |
| 583 | |a last modification |c 20011221 00:00:00 |k Rodrigo Vera | ||
| 490 | 0 | |a Beck'sche Schwarze Reihe, 171 | |
| 999 | |c 299026 |d 299024 | ||
| 952 | |0 0 |1 0 |4 0 |6 327_400000000000000_ROO_1978 |7 0 |8 A |9 355147 |a BIBHIS |b BIBHIS |d 2019-11-21 |i 3759717 |o 327.4 ROO 1978 |p 3759717 |r 2025-01-20 |w 2019-11-21 |y BK |k HIS | ||